| 000 | 01257cam a22003497a 4500 | ||
|---|---|---|---|
| 003 | CHAP | ||
| 005 | 20220817042301.0 | ||
| 008 | 971013s1985 r 00010 d | ||
| 010 | _a39566 | ||
| 011 | _a40538 | ||
| 035 | _a44664 | ||
| 040 | _cCHAP | ||
| 090 | _aFolleto 10179 | ||
| 100 | 0 | 0 |
_aMontes Rivera, Roberto. _977900 |
| 245 | 0 | _aGuía para cultivar frijol de riego en el centro y sur de Guanajuato | |
| 260 |
_aCelaya, Gto. : _bInstituto Nacional de Investigaciones Agrícolas. Campo Agrícola Experimental, _c1985 |
||
| 300 |
_a16 p. _b: ilus |
||
| 490 | 0 |
_aFolleto para productores _v; 13 |
|
| 590 |
_aBATCH-UPD _b10 _c20130109 _lUCH01 _h2358 |
||
| 590 |
_aBATCH-UPD _b10 _c20130110 _lUCH01 _h1734 |
||
| 590 |
_aBATCH-UPD _b10 _c20130409 _lUCH01 _h1932 |
||
| 590 |
_aBATCH-UPD _b10 _c20130914 _lUCH01 _h0358 |
||
| 590 |
_aCONVERSION _b10 _c20130109 _lUCH01 _h1322 |
||
| 650 | 1 | 4 |
_aFrijol _xGuanajuato. _943388 |
| 700 | 0 |
_aArévalo Valenzuela, Alfredo. _97323 |
|
| 830 | 0 |
_aFolleto para productores _v; 13 |
|
| 901 | _aBK | ||
| 942 | _cFOLL | ||
| 949 |
_aFolleto 10179 _bBC _cFOLL _d-102336 _eTS1 _i44664 _mD _si |
||
| 949 |
_aFolleto 10179 _bBC _cFOLL _d-102337 _eTS2 _fc.2 _i44664 _mD _si |
||
| 949 |
_aFolleto 10179 _bBC _cFOLL _d-102338 _eTS2 _fc.3 _i44664 _mD _si |
||
| 999 |
_c39566 _d39566 |
||